000 00289nam a22001337a 4500
008 170707b xxu||||| |||| 00| 0 eng d
020 _a9780486284736
041 _aeng
080 _a82
100 _a22
101 _aGJL
245 _a PRIDE AND PREJUDICE
_cAUSTEN.J
942 _2udc
_cBK
999 _c20027
_d20027